| 000 | 00989 a2200193 4500 | ||
|---|---|---|---|
| 003 | NUST | ||
| 005 | 20221220165026.0 | ||
| 010 | _a 76040084 | ||
| 020 | _a0471318914 | ||
| 040 | _cNust | ||
| 082 | 0 | 0 | _a350,GOR |
| 100 | 1 |
_aGortner, Harold F., _9105407 |
|
| 245 | 1 | 0 |
_aAdministration in the public sector / _cHarold F. Gortner. |
| 260 |
_aNew York : _bWiley, _cc1977. |
||
| 300 |
_axv, 343 p. : _bill. ; _c24 cm. |
||
| 505 | _aThe Substance Of Public Administration (Page-1), Competing To Exist (Page-14), The Bureaucracy In The Political Sys (Page-34), Accountability And Responsibility (Page-62), Describing The Administrative Machine (Page-85), Decision Making (Page-102), Planning (Page-135), Control (Page-151), Communication (Page-168), Conflict In Bureaucracy (Page-193), Motivation (Page-219), Leadership (Page-238), Public Personnel Administration (Page-263), Public Financial Administration (Page-304). | ||
| 650 | 0 |
_aPublic administration. _95690 |
|
| 942 |
_2ddc _cBK _k350,GOR |
||
| 999 |
_c184750 _d184750 |
||